Neiva en el siglo XVII (Registro nro. 324285)

Detalles MARC
000 -ENCABEZADO
Número de control [NR] 01582nam a22002657a 4500
005 - FECHA Y HORA DE LA ÚLTIMA TRANSACCIÓN
control field 20240604130116.0
008 - DE LONGITUD FIJA DE DATOS DE ELEMENTOS - INFORMACIÓN GENERAL
Elementos de longitud fija [NR] 240604s1939 ck||||fr|||| 00| 0 spa d
040 ## - FUENTE DE CATALOGACION [NR]
Quien Cataloga Sandra Yazo
Quien Clasifica Sandra Yazo
082 04 - NUMERO DE CLASIFICACION DECIMAL DEWEY [R]
Número de la edición [NR] 20
Número de clasificación [R] 986.57
092 ## - SIGNATURA TOPOGRAFICA LOCAL
Número de clasificación local E53N068
100 1# - ASIENTO PRINCIPAL--NOMBRE PERSONAL [NR]
Nombre personal [NR] García Borrero, Joaquín
Fechas asociadas con el nombre [NR] 1894-1948
ID Autoridad 181117
245 10 - MENCION DE TITULO [NR]
Título [NR] Neiva en el siglo XVII
Mención de responsabilidad, etc. [NR] Joaquín García Borrero.
260 ## - PUBLICACION, DISTRIBUCION, ETC. (PIE DE IMPRENTA) [R]
Lugar de publicación, distribución, etc. [R] Bogotá (Colombia)
Nombre del editor, distribuidor, etc. [R] Editorial ABC
Fecha de publicación, distribución, etc. [R] 1939
300 ## - DESCRIPCION FISICA [R]
Extensión [R] 191 páginas
Dimensiones [R] 25 x 18 cm
490 0# - MENCION DE SERIE [R]
Mención de serie [R] Biblioteca de historia nacional
ISBN [NR] 6
500 ## - NOTA GENERAL [R]
Nota general [NR] Publicación de la Academia Colombiana de Historia como homenaje a la ciudad de Neiva en el IV centenario de su fundación.
500 ## - NOTA GENERAL [R]
Nota general [NR] Detalles físicos: Encuadernación rústica en cartulina con textura. Lomo y tapas impresos con datos de la obra. Tapa delantera impresa a dos tintas. Hoja de cortesía. Anteportada. Portada impresa en una sola tinta; grabado con emblema de la Academia Colombiana de Historia. Dedicatoria. Texto impreso en una sola columna, con diferentes tipos y tamaños de letra. Márgenes amplios. Índice final. Ejemplar con páginas sin refilar. Tapas sucias, dobladas y deterioradas en bordes. Hoja de portada y dedicatoria, pegadas. Papel con oxidación
505 2# - NOTA DE CONTENIDO CON FORMATO PREESTABLECIDO [R]
Nota de contenido con formato preestablecido [NR] Capítulos I al XXV
506 ## - NOTA DE RESTRICCIONES DE ACCESO [R]
Condiciones de acceso [NR] Consulta en sala
520 ## - NOTA DE RESUMEN, ETC. [R]
Nota de sumario, etc. [NR] Historia de la ciudad de Neiva de 1627 a 1697
651 04 - ASIENTO SECUNDARIO DE MATERIA - NOMBRE GEOGRAFICO [R]
9 (RLIN) 105116
Nombre geográfico [NR] Neiva (Huila, Colombia)
Subdivisión general [R] Historia
Subdivisión cronológica [R] 1627 - 1697
651 04 - ASIENTO SECUNDARIO DE MATERIA - NOMBRE GEOGRAFICO [R]
Nombre geográfico [NR] Neiva (Huila, Colombia)
Subdivisión general [R] Fundación de ciudades
9 (RLIN) 181118
690 ## - ASUNTO AGREGADO LOCAL DE ENTRADA - TÉRMINO TEMÁTICO (OCLC, RLIN)
Acceso temático local Historia de Colombia
9 (RLIN) 26508
942 ## - ELEMENTOS DE ENTRADA AGREGADOS (KOHA)
Sistema de clasificación LOCAL
Tipo de ítem principal el descrito en 300a Libro
Edición 1
Clasificación E53N068
Existencias
Suprimido Perdido Sistema de clasificación Dañado No prestable Tipo de ítem específico Ubicación habitual Ubicación actual Localización Fecha de creación Forma de adquisición Costo Total préstamos Signatura topográfica Código de barras Última vez visto Ejemplar Price effective from Tipo de ítem
    LOCAL     Libro archivo Archivo Histórico Archivo Histórico Archivo histórico 04/06/2024 Donación 0.00   E53N068 L007105 04/06/2024 Ej.1 04/06/2024 Libro